[Event "COL-ch"]
[Site "Boyaca"]
[Date "2022.08.21"]
[Round "9"]
[White "Saladen Dulce, Rafael"]
[Black "Cardona, Jacobo"]
[Result "1-0"]
[WhiteElo "2179"]
[BlackElo "1471"]
[PlyCount "67"]
[EventDate "2022.08.17"]
[EventType "swiss"]
[EventRounds "9"]
[EventCountry "COL"]
[SourceTitle "CBM 210 Extra"]
[Source "ChessBase"]
[SourceDate "2022.11.30"]
[SourceVersion "1"]
[SourceVersionDate "2022.11.30"]
[SourceQuality "1"]

1. e4 e5 2. Nf3 Nc6 3. Bb5 a6 4. Ba4 Nf6 5. 0-0 b5 6. Bb3 Be7 7. Re1 0-0 8. a4 Bb7 9. Nc3 b4 10. Nd5 d6 11. c3 bxc3 12. dxc3 Nb8 13. Nxe7+ Qxe7 14. Bg5 Nbd7 15. Nh4 Nc5 16. Nf5 Qd8 17. Bc2 Ne6 18. Bh4 Nf4 19. Qf3 Rb8 20. b4 Bc8 21. Ne3 Be6 22. Rad1 Ng6 23. Bxf6 Qxf6 24. Qxf6 gxf6 25. Bd3 a5 26. bxa5 Ne7 27. Rb1 Ba2 28. Rb5 c6 29. Rb6 Ra8 30. Ra1 Be6 31. a6 Rfb8 32. Rab1 Rxb6 33. Rxb6 Bc8 34. Nc2 1-0

[Event "Pereira Gildardo Garcia Memorial-A"]
[Site "Pereira"]
[Date "2022.05.22"]
[Round "9"]
[White "Saladen Dulce, Rafael"]
[Black "Argote Heredia, Valentina"]
[Result "1/2-1/2"]
[WhiteElo "2147"]
[BlackElo "2215"]
[PlyCount "61"]
[EventDate "2022.05.18"]
[EventType "swiss"]
[EventRounds "10"]
[EventCountry "COL"]
[SourceTitle "CBM 208 Extra"]
[Source "ChessBase"]
[SourceDate "2022.07.31"]
[SourceVersion "1"]
[SourceVersionDate "2022.07.31"]
[SourceQuality "1"]

1. d4 Nf6 2. Nf3 e6 3. c4 b6 4. a3 Bb7 5. Bf4 Be7 6. e3 0-0 7. Nc3 d6 8. Bd3 c5 9. Qc2 Nbd7 10. d5 e5 11. Bg5 g6 12. h4 Ng4 13. Ne4 Qe8 14. h5 f5 15. hxg6 hxg6 16. Bxe7 Qxe7 17. Neg5 e4 18. Rh7 Qe8 19. 0-0-0 Ngf6 20. Rdh1 Nxh7 21. Rxh7 exf3 22. Qd1 fxg2 23. Qg1 Nf6 24. Rxb7 Qc8 25. Re7 Qd8 26. Re6 Kg7 27. Qxg2 Ng4 28. Qxg4 fxg4 29. Rxg6+ Kh8 30. Rh6+ Kg7 31. Re6 1/2-1/2

[Event "Pereira Gildardo Garcia Memorial-A"]
[Site "Pereira"]
[Date "2022.05.21"]
[Round "8"]
[White "Rangel, Carlos"]
[Black "Saladen Dulce, Rafael"]
[Result "0-1"]
[WhiteElo "1981"]
[BlackElo "2147"]
[PlyCount "68"]
[EventDate "2022.05.18"]
[EventType "swiss"]
[EventRounds "10"]
[EventCountry "COL"]
[SourceTitle "CBM 208 Extra"]
[Source "ChessBase"]
[SourceDate "2022.07.31"]
[SourceVersion "1"]
[SourceVersionDate "2022.07.31"]
[SourceQuality "1"]

1. e4 c5 2. Nf3 d6 3. d4 cxd4 4. Nxd4 Nf6 5. Nc3 Nc6 6. f3 g6 7. Be3 Bg7 8. Qd2 0-0 9. 0-0-0 d5 10. Nxc6 bxc6 11. Bc4 e6 12. Bb3 Qa5 13. Kb1 Kh8 14. exd5 cxd5 15. Bd4 Qb4 16. Qf2 Qb8 17. Rde1 a5 18. Be5 Qb4 19. a3 Qb7 20. Qd4 Nh5 21. Bxg7+ Nxg7 22. h4 f6 23. g4 Bd7 24. h5 gxh5 25. gxh5 Nf5 26. Qd3 a4 27. Ba2 Rfb8 28. Nd1 Ra6 29. c3 Rb6 30. Rh2 Qc7 31. Rg2 Bb5 32. Qc2 Qf4 33. Qf2 Bd3+ 34. Ka1 Qc1+ 0-1

[Event "Pereira Gildardo Garcia Memorial-A"]
[Site "Pereira"]
[Date "2022.05.18"]
[Round "1"]
[White "Saladen Dulce, Rafael"]
[Black "Valencia Gantiva, Cristian"]
[Result "1-0"]
[WhiteElo "2147"]
[BlackElo "1919"]
[PlyCount "69"]
[EventDate "2022.05.18"]
[EventType "swiss"]
[EventRounds "10"]
[EventCountry "COL"]
[SourceTitle "CBM 208 Extra"]
[Source "ChessBase"]
[SourceDate "2022.07.31"]
[SourceVersion "1"]
[SourceVersionDate "2022.07.31"]
[SourceQuality "1"]

1. Nf3 Nf6 2. c4 e6 3. g3 d5 4. d4 c5 5. cxd5 Nxd5 6. Bg2 Nc6 7. 0-0 Nf6 8. dxc5 Qxd1 9. Rxd1 Bxc5 10. Nc3 0-0 11. Na4 Be7 12. Be3 b5 13. Rac1 Nd5 14. Bd2 bxa4 15. Rxc6 Bb7 16. Rc4 Ba6 17. Rxa4 Bxe2 18. Re1 Bb5 19. Ra5 a6 20. Nd4 Bd8 21. Ra3 Bd7 22. b4 Bf6 23. Nf5 Bb5 24. Nd6 Rfd8 25. Nxb5 axb5 26. Rxa8 Rxa8 27. Rc1 Kf8 28. Rc2 Ra4 29. Bf1 Bd4 30. Bxb5 Ra3 31. Kg2 Ke7 32. Bc4 Nc3 33. Bc1 Ra4 34. Bb2 Rxb4 35. Ba3 1-0

[Event "COL Subzt 2.3.4"]
[Site "Risarald"]
[Date "2021.11.26"]
[Round "7"]
[White "Saladen Dulce, Rafael"]
[Black "Moreno Vega, Jose Miguel"]
[Result "1-0"]
[WhiteElo "2173"]
[BlackElo "1925"]
[PlyCount "53"]
[EventDate "2021.11.23"]
[EventType "swiss"]
[EventRounds "9"]
[EventCountry "COL"]
[SourceTitle "CBM 205 Extra"]
[Source "ChessBase"]
[SourceDate "2022.01.31"]
[SourceVersion "1"]
[SourceVersionDate "2022.01.31"]
[SourceQuality "1"]

1. e4 c5 2. Nf3 Nc6 3. Bb5 d6 4. 0-0 e5 5. d4 cxd4 6. c3 dxc3 7. Nxc3 a6 8. Bc4 Be6 9. Bxe6 fxe6 10. Ng5 Qf6 11. Qb3 Na5 12. Qa4+ Nc6 13. f4 exf4 14. Rxf4 Qd4+ 15. Qxd4 Nxd4 16. Nf7 b5 17. Nxh8 b4 18. Be3 Nc2 19. Raf1 Nf6 20. Nd1 e5 21. R4f2 Nxe3 22. Nxe3 Be7 23. Nd5 Rb8 24. g4 Nxe4 25. Rf7 Bf6 26. Nc7+ Kd8 27. Ne6+ 1-0

[Event "COL-ch U2300"]
[Site "Pereira"]
[Date "2019.03.22"]
[Round "2"]
[White "Saladen Dulce, Rafael"]
[Black "Garavito, Miguel Angel"]
[Result "1/2-1/2"]
[WhiteElo "2168"]
[BlackElo "2299"]
[PlyCount "92"]
[EventDate "2019.03.21"]
[EventType "swiss"]
[EventRounds "9"]
[EventCountry "COL"]
[SourceTitle "CBM 189 Extra"]
[Source "ChessBase"]
[SourceDate "2019.06.03"]
[SourceVersion "1"]
[SourceVersionDate "2019.06.03"]
[SourceQuality "1"]

1. d4 Nf6 2. c4 e6 3. Nc3 d5 4. Nf3 c6 5. e3 Nbd7 6. Qc2 Bd6 7. g4 dxc4 8. g5 Nd5 9. Bxc4 Nxc3 10. bxc3 b6 11. Rg1 Bb7 12. e4 c5 13. Qe2 cxd4 14. cxd4 Rc8 15. Bb5 0-0 16. e5 Bb4+ 17. Kf1 Bc3 18. Rb1 Bxf3 19. Qxf3 Bxd4 20. Bf4 Nxe5 21. Qe4 Ng6 22. Bg3 Rc5 23. h4 Qd5 24. Bd3 Qxe4 25. Bxe4 e5 26. Rd1 Ne7 27. Kg2 Rfc8 28. Rge1 f5 29. gxf6 gxf6 30. f4 Nd5 31. fxe5 fxe5 32. Bxe5 Ne3+ 33. Rxe3 Bxe3 34. Bd5+ Rxd5 35. Rxd5 Rc5 36. Rd8+ Kf7 37. Bb8 a5 38. Kf3 Rc3 39. Ke4 Bc5 40. Be5 Rc4+ 41. Kf5 Rxh4 42. Rd7+ Ke8 43. Rb7 Rh6 44. Bf4 Rc6 45. Rxh7 Be7 46. Be3 Kd7 1/2-1/2

[Event "American Continental 13th"]
[Site "Medellin"]
[Date "2017.06.11"]
[Round "3"]
[White "Moyses Sobrinho, Elias"]
[Black "Saladen Dulce, Rafael"]
[Result "0-1"]
[WhiteElo "1919"]
[BlackElo "2155"]
[PlyCount "52"]
[EventDate "2017.06.10"]
[EventType "swiss"]
[EventRounds "11"]
[EventCountry "COL"]
[SourceTitle "CBM 178 Extra"]
[Source "ChessBase"]
[SourceDate "2017.06.22"]
[SourceVersion "1"]
[SourceVersionDate "2017.06.22"]
[SourceQuality "1"]

1. e4 c5 2. Nf3 d6 3. d4 cxd4 4. Nxd4 Nf6 5. Nc3 Nc6 6. Be2 e5 7. Nxc6 bxc6 8. 0-0 Be7 9. Be3 0-0 10. h3 d5 11. exd5 cxd5 12. Bg5 d4 13. Bxf6 Bxf6 14. Ne4 Be7 15. Bc4 Bb7 16. Ng3 Kh8 17. Nf5 Bf6 18. Qg4 Qc7 19. Bd3 g6 20. Ng3 Bg7 21. Rfe1 f5 22. Qe2 e4 23. Bc4 f4 24. Nf1 f3 25. gxf3 Rxf3 26. Nh2 Rxh3 0-1

[Event "Manizales op 26th"]
[Site "Manizales"]
[Date "2017.01.08"]
[Round "9"]
[White "Saladen Dulce, Rafael"]
[Black "Garcia Alarcon, Alvaro"]
[Result "1/2-1/2"]
[WhiteElo "2150"]
[BlackElo "2195"]
[PlyCount "113"]
[EventDate "2017.01.04"]
[EventType "swiss"]
[EventRounds "9"]
[EventCountry "COL"]
[SourceTitle "CBM 176 Extra"]
[Source "ChessBase"]
[SourceDate "2017.03.02"]
[SourceVersion "1"]
[SourceVersionDate "2017.03.02"]
[SourceQuality "1"]

1. d4 Nf6 2. Bg5 c5 3. Bxf6 gxf6 4. c3 Qb6 5. Qc2 cxd4 6. cxd4 Nc6 7. e3 f5 8. Nc3 f4 9. Nge2 fxe3 10. fxe3 Bh6 11. 0-0-0 Bxe3+ 12. Kb1 Nb4 13. Qe4 Qg6 14. Ng3 Qxe4+ 15. Ngxe4 f5 16. a3 Nc6 17. Nd6+ exd6 18. Nd5 Bxd4 19. Nc7+ Kd8 20. Nxa8 b6 21. b4 Be5 22. g3 Bb7 23. Bg2 b5 24. a4 bxa4 25. b5 Bxa8 26. bxc6 Kc7 27. Ka2 h5 28. Rc1 Bxc6 29. Rc4 Kd8 30. Bxc6 dxc6 31. Rh4 Kd7 32. Rb1 Ke6 33. Rb7 Bf6 34. Rxa4 h4 35. g4 fxg4 36. Rxg4 h3 37. Rxa7 c5 38. Rg3 Be5 39. Re3 Kd5 40. Raa3 Rg8 41. Rad3+ Kc4 42. Rxh3 Rg2+ 43. Kb1 Bxh2 44. Rc3+ Kd5 45. Rc2 Rg1+ 46. Rc1 Rg2 47. Rc2 Rg1+ 48. Rc1 Rxc1+ 49. Kxc1 Bf4+ 50. Kc2 Ke4 51. Kc3 d5 52. Rh4 Ke3 53. Rh3+ Ke4 54. Rh4 Kf5 55. Rh5+ Ke6 56. Rh4 Be5+ 57. Kd3 1/2-1/2

[Event "Manizales op 26th"]
[Site "Manizales"]
[Date "2017.01.07"]
[Round "7"]
[White "Saladen Dulce, Rafael"]
[Black "Torres, Jorge Emilio"]
[Result "1/2-1/2"]
[WhiteElo "2150"]
[BlackElo "2020"]
[PlyCount "81"]
[EventDate "2017.01.04"]
[EventType "swiss"]
[EventRounds "9"]
[EventCountry "COL"]
[SourceTitle "CBM 176 Extra"]
[Source "ChessBase"]
[SourceDate "2017.03.02"]
[SourceVersion "1"]
[SourceVersionDate "2017.03.02"]
[SourceQuality "1"]

1. d4 f5 2. e4 fxe4 3. Nc3 Nf6 4. Bg5 g6 5. Qd2 d5 6. f3 Bg7 7. fxe4 dxe4 8. Bc4 c5 9. 0-0-0 Qxd4 10. Bb5+ Nc6 11. Qe1 Qe5 12. Nf3 Qf5 13. Bxf6 Bxf6 14. Nxe4 0-0 15. Kb1 Bg7 16. Bc4+ Kh8 17. Rf1 Be6 18. Qh4 h6 19. Bxe6 Qxe6 20. Nxc5 Qe2 21. Qg4 Rf5 22. Nd3 Nd4 23. Nb4 Nxf3 24. gxf3 Rg5 25. Qd7 Rf8 26. Rfe1 Qxh2 27. Qxe7 Re5 28. Qxb7 Rxe1 29. Rxe1 Rb8 30. Qe4 Qd2 31. a3 a5 32. Nd3 Rxb2+ 33. Nxb2 Qc3 34. Kc1 Qxb2+ 35. Kd1 Qxa3 36. Re3 Qa1+ 37. Ke2 Qg1 38. Rb3 Kh7 39. f4 Qh2+ 40. Kf1 Qh5 41. Kg2 1/2-1/2

[Event "Mosquera op"]
[Site "Mosquera"]
[Date "2014.11.01"]
[Round "5"]
[White "Saladen Dulce, Rafael"]
[Black "Bolivar, Jeison"]
[Result "1/2-1/2"]
[WhiteElo "2230"]
[BlackElo "2066"]
[PlyCount "51"]
[EventDate "2014.10.30"]
[EventType "swiss"]
[EventRounds "9"]
[EventCountry "COL"]
[SourceTitle "EXT 2015"]
[Source "ChessBase"]
[SourceDate "2014.11.20"]
[SourceVersion "1"]
[SourceVersionDate "2014.11.20"]
[SourceQuality "1"]

1. d4 Nf6 2. Bg5 Ne4 3. h4 d5 4. e3 c5 5. dxc5 Nc6 6. Nd2 Nxc5 7. h5 h6 8. Bh4 Bf5 9. Ngf3 Qb6 10. Nb3 e6 11. Nfd4 Bh7 12. a4 a6 13. a5 Qc7 14. Nxc5 Bxc5 15. Qg4 Nxd4 16. Bb5+ Nxb5 17. Qxg7 Bb4+ 18. c3 Bxc3+ 19. bxc3 Qxc3+ 20. Qxc3 Nxc3 21. Bf6 Rg8 22. Bxc3 Rxg2 23. Be5 Be4 24. Rh2 Rg1+ 25. Kd2 Rxa1 26. Bxa1 1/2-1/2

[Event "Bogota University op 8th"]
[Site "Bogota"]
[Date "2014.10.11"]
[Round "5"]
[White "Pozo Vera, Sandro"]
[Black "Saladen Dulce, Rafael"]
[Result "1-0"]
[WhiteElo "2430"]
[BlackElo "2230"]
[PlyCount "56"]
[EventDate "2014.10.09"]
[EventType "swiss"]
[EventRounds "9"]
[EventCountry "COL"]
[SourceTitle "EXT 2015"]
[Source "ChessBase"]
[SourceDate "2014.11.20"]
[SourceVersion "1"]
[SourceVersionDate "2014.11.20"]
[SourceQuality "1"]

1. Nf3 Nf6 2. c4 c5 3. Nc3 d5 4. cxd5 Nxd5 5. d4 cxd4 6. Qxd4 Nxc3 7. Qxc3 Nc6 8. e4 e6 9. a3 a5 10. Be2 Qf6 11. e5 Qd8 12. 0-0 Bb4 13. Qc4 Be7 14. Qg4 Kf8 15. Be3 Bd7 16. Rfd1 Qc7 17. Rac1 Be8 18. Qe4 Rd8 19. h4 Rxd1+ 20. Rxd1 h5 21. Bc4 g6 22. Re1 Kg7 23. Bg5 Qd8 24. Qf4 Bxg5 25. Nxg5 Qe7 26. Rd1 Rf8 27. Rd6 Nd8 28. Qf6+ Kg8 1-0